Clío en pantuflas, continuación de mis primeros ochenta años (Record no. 83284)

MARC details
000 -LEADER
campo de control de longitud fija 00714nam a2200181 i 4500
001 - NÚMERO DE CONTROL
campo de control 83284
003 - IDENTIFICADOR DE NÚMERO DE CONTROL
campo de control ES-MaACL
005 - FECHA Y HORA DE LA ÚLTIMA TRANSACCIÓN
campo de control 20251004063129.0
007 - CAMPO FIJO DE DESCRIPCIÓN FÍSICA--INFORMACIÓN GENERAL
campo de control de longitud fija t|
008 - DATOS DE LONGITUD FIJA--INFORMACIÓN GENERAL
campo de control de longitud fija 180703s1930 sp ||||1| spa d
100 1# - ENTRADA PRINCIPAL--NOMBRE DE PERSONA
Nombre de persona Gutiérrez-Gamero, Emilio,
Fechas asociadas al nombre 1844-1936
9 (RLIN) 61149
245 10 - MENCIÓN DEL TÍTULO
Título Clío en pantuflas, continuación de mis primeros ochenta años
Resto del título : memorias /
Mención de responsabilidad, etc. E. Gutierrez-Gamero.
260 ## - PUBLICACIÓN, DISTRIBUCIÓN, ETC.
Lugar de publicación, distribución, etc. Madrid :
Nombre del editor, distribuidor, etc. Compañia Ibero-Americana de Publicaciones,
Fecha de publicación, distribución, etc. 1930.
300 ## - DESCRIPCIÓN FÍSICA
Extensión 269 p. ;
Dimensiones 19 cm.
651 #4 - PUNTO DE ACCESO ADICIONAL DE MATERIA--NOMBRE GEOGRÁFICO
Nombre geográfico España-
Subdivisión general Historia-
Subdivisión cronológica 1902-1931, Alfonso XIII-
Subdivisión de forma Relatos personales.
9 (RLIN) 144642
852 ## - LOCALIZACIÓN
Ubicación ES-MaACL
Número de control de estantería L-32160
Nota libre .- Donat. herederos de la bibl. de Mª del Pilar Costa Palacín
Holdings
Estatus retirado Estado de pérdida Estado de daño No para préstamo Biblioteca de origen Biblioteca actual Ubicación en estantería Fecha de adquisición Fuente de adquisición Total de préstamos Signatura topográfica completa Código de barras Visto por última vez Precio de reemplazo Tipo de ítem Koha
        Biblioteca del Ateneo de Madrid Biblioteca del Ateneo de Madrid Depósito 2 03/07/2018     L-32160 1199060 23/02/2023 23/02/2023 Libro impreso